Порівняльний аналіз лексико-стилістичних особливостей у мові персонажів американських телесеріалів "Друзі" та "Як я зустрів вашу маму" (Запис № 285384)

МАРК-запис
000 -LEADER
fixed length control field 02294nam a22001577a 4500
041 ## - LANGUAGE CODE
Language code of text/sound track or separate title ukr
080 ## - UNIVERSAL DECIMAL CLASSIFICATION NUMBER
Universal Decimal Classification number 09
090 ## - LOCALLY ASSIGNED LC-TYPE CALL NUMBER (OCLC); LOCAL CALL NUMBER (OCLC)
Local cutter number (OCLC) ; Book number/undivided call number, CALL (RLIN) КВІ
100 ## - MAIN ENTRY--PERSONAL NAME
Personal name Квітовська, Н. І.
245 ## - TITLE STATEMENT
Title Порівняльний аналіз лексико-стилістичних особливостей у мові персонажів американських телесеріалів "Друзі" та "Як я зустрів вашу маму"
260 ## - PUBLICATION, DISTRIBUTION, ETC. (IMPRINT)
Place of publication, distribution, etc Острог
Name of publisher, distributor, etc КАФ
Date of publication, distribution, etc 2014
300 ## - PHYSICAL DESCRIPTION
Extent 89
520 ## - SUMMARY, ETC.
Summary, etc Вступ.<br/>Розділ І. Жанрові особливості в кінодискурсі.<br/>1.1. Стилетворчі характеристики кінодискурсу<br/>1.2. Стилістичні особливості кінодискурсу<br/>1.3. Лексичні особливості кінодискурсу<br/>Розділ ІІ. Семантичний аналіз лексичних і стилістичних засобів у телесеріалі "Друзі"<br/>2.1. Сленгізми<br/>2.2. Колоквіалізми<br/>2.3. Оказіоналізми<br/>2.4. Терміни<br/>2.5. Епітет<br/>2.6. Іронія<br/>2.7. Номінативне речення<br/>2.8. Повтори<br/>2.9. Еліптичні речення<br/>2.10. Гіпербола<br/>2.11. Інші стилістичні засоби<br/>Розділ ІІІ. Семантичний аналіз лексичних і стилістичних засобів у телесеріалі "Як я зустрів вашу маму".<br/>3.1. Сленгізми<br/>3.2. Оказіоналізми<br/>3.3. Запозичення<br/>3.4. Терміни<br/>3.5. Акцентні слова<br/>3.6. Повтори<br/>3.7. Метафора<br/>3.8. Епітети<br/>3.9. Парцеляція<br/>3.10. Інші стилістичні засоби<br/>Розділ IV. Порівняльний аналіз лексичних і стилістичних засобів у телесеріалах.<br/>4.1. Порівняння лексичних засобів у телесеріалах<br/>4.2. Порівняння стилістичних засобів у телесеріалах<br/>Висновки.<br/>Список використаної літератури.<br/>Додатки.
-- кінодискурс, телесеріал
650 ## - SUBJECT ADDED ENTRY--TOPICAL TERM
Topical term or geographic name as entry element Research Papers
942 ## - ADDED ENTRY ELEMENTS (KOHA)
Koha item type Книги
Фонди
Withdrawn status Lost status Source of classification or shelving scheme Damaged status Not for loan Home library Current library Date acquired Source of acquisition Cost, normal purchase price Total Checkouts Full call number Barcode Date last seen Price effective from Koha item type
    Universal Decimal Classification     ВІЛ - Відділ іноземн. літератури НБ ВІЛ - Відділ іноземн. літератури НБ 17/06/2014 Акт №8 1.00   09 215611 09/11/2021 17/06/2014 Книги